000 00797cam a2200229 a 4500
005 20131028101124.0
008 941101s1994 nyub b 000 0 eng
020 _a0876091729
080 _a327
245 0 0 _aMinority rights in Europe /
_cHugh Miall, editor.
260 _aNew York :
_bCouncil on Foreign Relations Press,
_cc1994.
300 _a120 p. :
_bmaps ;
_c22 cm.
490 1 _aChatham House papers
500 _a"Published in North America for the Royal Institute of International Affairs."
504 _aIncludes bibliographical references.
650 0 _aTë drejtat e njeriut
_zEuropa
650 0 _zMarrëdhënie ndërkombëtare
650 0 _aMinoritetet
_xStatusi legal, ligji.
_zEuropa
700 1 _aMiall, Hugh.
830 0 _aChatham House papers (Unnumbered)
942 _2udc
_cBK
999 _c178
_d178